000 00697nam a22002297a 4500
003 UA-OsUOA
001 6301
007 ta
008 20050810b un ||||| |||| 00| 0 ukr d
100 _aВинарчик П.
090 _a330.1
_bВ48
942 _cSA
040 _aUA-OsUOA
_brus
_cUA-OsUOA
_dUA-OsUOA
245 _aСпасение идей: Й. Шумпетер и ключевые проблемы противоборствующих экономических теорий
300 _aС.15-27
955 _a0
041 _arus
080 _a330.1
044 _aUA
773 0 _w0
_tВопросы економики
_d2003
_d№11
650 7 _aЕкономічна теорія
_2UDC
999 _c292463
_d292463